000 00925nam a22002177a 4500
999 _c20419
_d20419
003 OSt
005 20240814131319.0
008 240814b ||||| |||| 00| 0 eng d
040 _c0
082 _aDPer 507 J826 September 2019 - June 2020 v.49 n. 1-5
100 _aStrubbe, Linda E.
_eauthor.
_957639
245 _aFaculty adoption of active learning strategies via paired teaching:
_bconclusions from two science departments /
_cLinda E. Strubbe, Jared Stang, Tara Holland, Sarah Bean Sherman, and Warren J. Code
260 _aArlington USA;
_bNational Science Teaching Association,
_cSeptember/October 2019.
300 _avolume 49, pages 31-39,
_billustration.
700 _aStrubbe, Linda E.
_eauthor.
_957639
700 _aStang, Jared.
_eauthor.
_957640
700 _aHolland,Tara.
_eauthor.
_957641
700 _aSherman, Sarah Bean.
_eauthor.
_957642
700 _aCode,Warren J.
_eauthor.
_957643
942 _2ddc
_cPER